|
|
|
|
| LEADER |
00000nab a2200000 a 4500 |
| 001 |
vtls000703020 |
| 003 |
SK-MaSNL |
| 005 |
20260303201808.0 |
| 008 |
160322c1999 xo 0 slo |
| 015 |
|
|
|a SNBRB1999/10-22757
|
| 035 |
|
|
|a CLN000055187
|
| 040 |
|
|
|a SNKBUCL
|b slo
|c SNKBUCL
|e AACR2
|
| 041 |
0 |
|
|a slo
|
| 044 |
|
|
|a xo
|c SK
|
| 080 |
|
|
|a 7.097.071.2
|2 UDC-MRF-SK2
|
| 080 |
|
|
|a 929 Rapantová, Hana
|2 UDC-MRF-SK2
|
| 100 |
1 |
|
|a Ťapajová, Elena,
|d 1944-2023
|4 ain
|9 5234
|
| 245 |
1 |
0 |
|a Tvár z obrazovky
|b stretnutie s televíznou hlásateľkou Hanou Rapantovou
|c [zhovárala sa] Elena Ťapajová
|
| 300 |
|
|
|b Fotogr.
|
| 600 |
1 |
7 |
|a Rapantová, Hana
|2 snkbucl
|9 17348
|
| 655 |
|
7 |
|a články z novín a časopisov
|2 snkbucl
|9 267496
|
| 700 |
1 |
|
|a Rapantová, Hana
|4 aut
|4 uin
|9 17348
|
| 773 |
0 |
|
|x 0231-6676
|t Slovenka
|g Roč. 52, č. 34 (1999), s. 29
|
| 850 |
|
|
|a Slovenská národná knižnica v Martine
|
| 852 |
|
|
|a SNK
|b KIS3GCP
|
| 958 |
|
|
|a SK
|
| 958 |
|
|
|a BX
|
| 958 |
|
|
|a RBX
|
| 999 |
|
|
|c 2176213
|d 2178143
|